LEADER 01580nam--2200421---450- 001 990003328530203316 005 20100623100038.0 010 $a978-92-79-05961-2 035 $a000332853 035 $aUSA01000332853 035 $a(ALEPH)000332853USA01 035 $a000332853 100 $a20091008d2007----km-y0itay50------ba 101 $aita 102 $aLU 105 $a||||||||001yy 200 1 $aPMI, che cosa state aspettando?$esfruttate il vostro potenziale di ricerca!$fCommissione Europea, Direzione generale della Ricerca 210 $aLussemburgo$cUfficio delle pubblicazioni ufficiali delle Comunità europee$d2007 215 $a13 p.$cill.$d21 cm 225 2 $aMarie Curie Actions 300 $aDati dalla cop. 410 0$12001$aMarie Curie Actions 606 0 $aPiccole imprese$xRicerca scientifica$xFinanziamenti comunitari$2BNCF 606 0 $aMedie imprese$xRicerca scientifica$xFinanziamenti comunitari$2BNCF 676 $a338.642094 699 $a18.01$bRicerca scientifica e tecnologica 710 02$aCommissione europea :$bDirezione generale Ricerca$0542713 801 0$aIT$bsalbc$gISBD 856 4 $uhttp://ec.europa.eu/research/sme-techweb/pdf/smes_mcurie_it.pdf$4.$zAccesso libero online 912 $a990003328530203316 951 $aCDE 18.01 (XLVII)$bCDE 1820$cCDE 18.01$d00150203 959 $aBK 969 $aCDE 979 $aCDE$b10$c20091008$lUSA01$h1052 979 $aMARIAS$b90$c20100623$lUSA01$h1000 979 $aMARIAS$b90$c20140730$lUSA01$h1439 996 $aPMI, che cosa state aspettando$91120476 997 $aUNISA